Zaistenie bezpečnosti a ochrany zdravia žiakov na základných školách
Uložené v:
| Hlavný autor: | |
|---|---|
| Ďalší autori: | |
| Médium: | Rukopis Kniha |
| Jazyk: | Slovak |
| Vydavateľské údaje: |
2015
|
| Predmet: | |
| On-line prístup: | http://is.stuba.sk/zp/portal_zp.pl?podrobnosti=96102 |
| Tagy: |
Žiadne tagy, Buďte prvý, kto otaguje tento záznam!
|
MARC
| LEADER | 00000ntm a22000003a 4500 | ||
|---|---|---|---|
| 001 | stuzp52084 | ||
| 003 | SK-STU | ||
| 005 | 20160719154045.4 | ||
| 007 | ta | ||
| 008 | 150427s2015----xo-----f-mn---000-0-slo-d | ||
| 040 | |a STU |b slo | ||
| 041 | 0 | |a slo | |
| 100 | 1 | |a Pechová, Dominika |u 065000 |4 aut |U MTF Materiálovotechnologická fakulta |T MTF Ústav bezpečnosti, environmentu a kvality |X 46756 |U M5000 |Y 85 |7 46756 | |
| 242 | 0 | 1 | |a Ensuring the safety and health of primary school pupils |y eng |
| 245 | 1 | 0 | |a Zaistenie bezpečnosti a ochrany zdravia žiakov na základných školách |
| 260 | |c 2015 | ||
| 650 | 4 | |a zásady bezpečnosti |2 slo | |
| 650 | 4 | |a bezpečnosť žiakov na školách |2 slo | |
| 650 | 4 | |a výučbové materiály |2 slo | |
| 650 | 4 | |a dokumentácia BOZP |2 slo | |
| 650 | 4 | |a principles of safety |2 eng | |
| 650 | 4 | |a documenting health and safety |2 eng | |
| 650 | 4 | |a safety of primary school pupils |2 eng | |
| 650 | 4 | |a learning materials |2 eng | |
| 700 | 1 | |a Harangozó, Jozef |4 ths |X 32742 |7 A000032742 | |
| 856 | 4 | |u http://is.stuba.sk/zp/portal_zp.pl?podrobnosti=96102 | |
| 996 | |c M* BP-7481 |l MMSKP |s P |a 0 |w stuzp52084_0001 | ||
| SQL | |a stuzp52084 |b DBP |c SLO |d Zaistenie bezpečnosti a ochrany zdravia žiakov na základných školách |e 46756 |f Pechová, Dominika |g 065000 |h 32742 |i Harangozó, Jozef |j 20150622 |k 169 |l 06 |m http://is.stuba.sk/zp/portal_zp.pl?podrobnosti=96102 |n B-BOZ |o 8.3.5. bezpečnosť a ochrana zdravia pri práci | ||